000 nam a22 a 4500
999 _c4293
_d4293
003 AKMAL
005 20170526154323.0
008 170526t1996 cc g 001 0 eng d
020 _a071729742X (hbk.)
040 _aAKMAL
082 0 4 _a658.154 TAY
_222
090 0 0 _a658.154
_bTAY
100 1 _aTaylor, Peter
_98367
245 1 0 _aManaging budgets & cash flows :
_bhow to set and achieve financial targets in an organization /
_c[ Peter Taylor]
250 _aDeluxe ed.
260 _aHong Kong :
_bGrolier Intl.Inc.,
_cc1996
300 _a154p. ;
_c24cm.
490 1 _aGrolier business library
504 _aIncludes bibliographical references and index
650 1 0 _aBudget in business
_95965
830 0 _aGrolier business library
_98353
942 _2ddc
_cBOOK
950 _lAKMAL